Normal view
MARC view
- COMPUTER SOFT WARE -DEVELOPMENT. SYSTEM ENGINEERING-HANDBOOK.SYSTEM ANALYSIS-HANDBOOKS
Entry Topical Term
001 - CONTROL NUMBER
- control field: 58538
003 - CONTROL NUMBER IDENTIFIER
- control field: NUST
005 - DATE AND TIME OF LATEST TRANSACTION
- control field: 20210628202149.0
008 - FIXED-LENGTH DATA ELEMENTS
- fixed length control field: 210628|| aca||aabn | a|a d
040 ## - CATALOGING SOURCE
- Original cataloging agency: NUST
- Transcribing agency: NUST
150 ## - HEADING--TOPICAL TERM
- Topical term or geographic name entry element: COMPUTER SOFT WARE -DEVELOPMENT. SYSTEM ENGINEERING-HANDBOOK.SYSTEM ANALYSIS-HANDBOOKS
670 ## - SOURCE DATA FOUND
- Source citation: Work cat.: (NUST): Young , Ralph . R 58537, The requirements engineering handbook, 2004
